BIOSTATISTICS : BASIC CONCEPTS & METHODOLOGY FOR THE HEALTH SCIENCES (Record no. 1623)
[ view plain ]
| 000 -LEADER | |
|---|---|
| fixed length control field | 00386nam a2200145Ia 4500 |
| 008 - FIXED-LENGTH DATA ELEMENTS--GENERAL INFORMATION | |
| fixed length control field | 150201s2010 xx 000 0 und d |
| 082 ## - DEWEY DECIMAL CLASSIFICATION NUMBER | |
| Classification number | 519.5 |
| Item number | B10D |
| 100 ## - MAIN ENTRY--PERSONAL NAME | |
| Personal name | DANIEL, WAYNE W. |
| 245 ## - TITLE STATEMENT | |
| Title | BIOSTATISTICS : BASIC CONCEPTS & METHODOLOGY FOR THE HEALTH SCIENCES |
| 250 ## - EDITION STATEMENT | |
| Edition statement | 1ST |
| 260 ## - PUBLICATION, DISTRIBUTION, ETC. (IMPRINT) | |
| Name of publisher, distributor, etc. | WILEY |
| Place of publication, distribution, etc. | INDIA |
| Date of publication, distribution, etc. | 2010 |
| 300 ## - PHYSICAL DESCRIPTION | |
| Extent | 1-783 |
| 650 ## - SUBJECT ADDED ENTRY--TOPICAL TERM | |
| Topical term or geographic name as entry element | BIOSTATISTICS |
| 942 ## - ADDED ENTRY ELEMENTS (KOHA) | |
| Source of classification or shelving scheme | Dewey Decimal Classification |
| Koha item type | Books |
| Koha issues (borrowed), all copies | 6 |
| Withdrawn status | Lost status | Source of classification or shelving scheme | Damaged status | Not for loan | Collection code | Home library | Current library | Shelving location | Date acquired | Source of acquisition | Cost, normal purchase price | SGTU | Bill Number | Total Checkouts | Full call number | Barcode | Date last seen | Date last checked out | Bill Date | Koha item type |
|---|---|---|---|---|---|---|---|---|---|---|---|---|---|---|---|---|---|---|---|---|
| Dewey Decimal Classification | MEDICAL | SGT Medical Library | SGT Medical Library | Text Book | 23/01/2014 | ABC DELHI | 679.00 | SGTU | 4209 | 5 | 519.5 B10D | FM5690 | 18/12/2025 | 02/12/2025 | 11/02/2014 | Books | ||||
| Dewey Decimal Classification | MEDICAL | SGT Medical Library | SGT Medical Library | Text Book | 23/01/2014 | ABC DELHI | 679.00 | SGTU | 4209 | 11 | 519.5 B10D | FM5691 | 14/02/2026 | 30/01/2026 | 11/02/2014 | Books |